The University of Missouri (Record no. 147871)

MARC details
000 -LEADER
campo de control de longitud fija 00660nam a2200181 i 4500
001 - NÚMERO DE CONTROL
campo de control 147871
003 - IDENTIFICADOR DE NÚMERO DE CONTROL
campo de control ES-MaACL
005 - FECHA Y HORA DE LA ÚLTIMA TRANSACCIÓN
campo de control 20230906202310.0
007 - CAMPO FIJO DE DESCRIPCIÓN FÍSICA--INFORMACIÓN GENERAL
campo de control de longitud fija t|
008 - DATOS DE LONGITUD FIJA--INFORMACIÓN GENERAL
campo de control de longitud fija 071008s1926 xxu ||||1| eng d
245 04 - MENCIÓN DEL TÍTULO
Título The University of Missouri
Resto del título : Studies a quarterly of research.
260 ## - PUBLICACIÓN, DISTRIBUCIÓN, ETC.
Lugar de publicación, distribución, etc. Missouri :
Nombre del editor, distribuidor, etc. University,
Fecha de publicación, distribución, etc. 1926.
300 ## - DESCRIPCIÓN FÍSICA
Extensión 42 p. ;
Dimensiones 26 cm.
505 8# - NOTA DE CONTENIDO CON FORMATO
Nota de contenido con formato Contiene: The transformation of the Euler condition in the calculus of variations / by Lee Horace McFarlan.-- On extension of The theory of envelopes / F. Omer Duncan
700 1# - ENTRADA AGREGADA--NOMBRE PERSONAL
Nombre de persona McFarlan, Lee Horace.
9 (RLIN) 79559
700 1# - ENTRADA AGREGADA--NOMBRE PERSONAL
Nombre de persona Duncan, F. Omer.
9 (RLIN) 46029
852 ## - LOCALIZACIÓN
Ubicación ES-MaACL
Número de control de estantería 1754-F-14
Holdings
Estatus retirado Estado de pérdida Estado de daño No para préstamo Colección Biblioteca de origen Biblioteca actual Ubicación en estantería Fecha de adquisición Fuente de adquisición Total de préstamos Signatura topográfica completa Código de barras Visto por última vez Precio de reemplazo Tipo de ítem Koha
        Colección de folletos Biblioteca del Ateneo de Madrid Biblioteca del Ateneo de Madrid Depósito folletos 17/01/2008     1754-F-14 1154319 23/02/2023 23/02/2023 Folleto